Statistiques concernant Les pays contenant entre 50 % et 60 % de sunnites

Cliquez ici pour prendre le quiz!

Statistiques générales

  • Ce quiz a été pris 6 fois
  • Le résultat moyen est 2 sur 4

Statistiques - réponses

Hint Answer % Correct
55,51 %Indonésie
67%
55,75 %Koweït
50%
54,42 %Yémen
50%
51,54 %Bosnie-Herzégovine
17%

Distribution des résultats

Percentile by Number Answered

% des personnes avec chaque résultat

Votre développement - résultats

Vous n’avez pas pris ce quiz